Química de los compuestos de coordinación
Gardado en:
| Main Authors: | , |
|---|---|
| Formato: | Libro |
| Idioma: | Lingua castelá |
| Publicado: |
Madrid
Síntesis
2013
|
| Edición: | 1a. ed |
| Series: | Bibliotecas de Químicas, 36
|
| Subjects: | |
| Tags: |
Engadir etiqueta
Sen Etiquetas, Sexa o primeiro en etiquetar este rexistro!
|
MARC
| LEADER | 00000cam a2200000 a 4500 | ||
|---|---|---|---|
| 001 | UCD1365 | ||
| 003 | CL-VaPUC | ||
| 008 | 160303e20130000sp |||||||||||||||||spa|d | ||
| 020 | |a 9788499589756 | ||
| 082 | 0 | 4 | |a 546.3 |b ROD |2 21 |
| 100 | 0 | |a Rodríguez Argüelles, María Carmen |e author |9 584465 | |
| 700 | 0 | |a Cao Vásquez, Roberto |e author |9 584466 | |
| 245 | 1 | 0 | |a Química de los compuestos de coordinación |
| 250 | |a 1a. ed | ||
| 300 | |a 203 p | ||
| 942 | |c BK | ||
| 945 | |d 20160303 03:41:00 |a dcastane | ||
| 260 | |a Madrid |b Síntesis |c 2013 | ||
| 650 | 7 | |a QUIMICA DE LOS ELEMENTOS Y COMPUESTOS |2 CL-VaPUC |9 584467 | |
| 650 | 0 | |a Metales |9 260686 | |
| 650 | 0 | |a Reacciones químicas |9 259438 | |
| 650 | 7 | |a IONES |2 CL-VaPUC |9 337399 | |
| 650 | 7 | |a ESTEREOQUIMICA |2 CL-VaPUC |9 306790 | |
| 650 | 0 | |a Cinética |9 260943 | |
| 583 | |a last modification |c 20160303 03:41:00 |k Rodrigo Vera | ||
| 490 | 0 | |a Bibliotecas de Químicas, 36 | |
| 999 | |c 362713 |d 362711 | ||
| 952 | |0 0 |1 0 |3 erb |4 0 |6 546_300000000000000_ROD_2013 |7 0 |8 A |9 474143 |a BIBCUR |b BIBCUR |i 5264812 |o 546.3 ROD 2013 |p 5264812 |r 2025-04-22 |w 2019-11-24 |y BK |z Catalogado en:20160303 |k QUI | ||